| 000 | 01355nam a22002177a 4500 | ||
|---|---|---|---|
| 005 | 20260122171346.0 | ||
| 008 | 240805b ||||| |||| 00| 0 eng d | ||
| 020 | _a9788119847174 | ||
| 040 | _cAL | ||
| 041 | _aEnglish | ||
| 082 |
_223 _a321.80954 _bGHAC |
||
| 100 |
_aBhagyawan Ghaturkar _9252282 |
||
| 245 | _aConstitution of India | ||
| 260 |
_aNoida _bPearson India Education Services Pvt Ltd _c2024 |
||
| 300 |
_aix,577 p. _bPB _c23x17cm. |
||
| 365 |
_a2658 _b₹440.00 _c₹ _d₹550.00 _e20% _f30-07-2024 |
||
| 440 |
_aVolume I _9175133 |
||
| 520 | _aIndian Polity, Governance and Constitution is integral to the preparation of the UPSC Prelims and Mains Examination. To ease the burden of the aspirants, this book comes as a rescue, introducing the concepts in a tabulated format to enhance retention and readability. Divided into 10 sections and 48 chapters, this book follows a systematic approach in deciphering The Constitution of India with respect to Indian Polity, in a seamless manner. Features – Unique treatment of topics into tabular format Relevant topics are supported with judgements/cases Important headings are highlighted with relevant icons to enhance revision ‘FYI’ tables carry extra-info related to exam-significant topics and concepts | ||
| 650 |
_aSpecial Reference to Indian Polity _9175134 |
||
| 942 |
_2ddc _cBK |
||
| 999 |
_c231548 _d231548 |
||